[Event "4th ch-Asia"]
[Site "Doha QAT"]
[Date "2003.02.22"]
[Round "1"]
[White "Isaev, J."]
[Black "Kotsur, P."]
[Result "1/2-1/2"]
[WhiteElo "2438"]
[BlackElo "2586"]
[PlyCount "101"]
[EventDate "2003.02.22"]
[SourceDate "2003.03.03"]

1. e4 e5 2. Nf3 Nc6 3. d4 exd4 4. Nxd4 Bc5 5. Nxc6 Qf6 6. Qd2 dxc6 7. Nc3 Qe7
8. Qg5 f6 9. Qh5+ g6 10. Qf3 Be6 11. Be3 O-O-O 12. Bd3 h5 13. Qe2 Kb8 14. O-O-O
Bd6 15. Kb1 Nh6 16. h3 g5 17. Bc4 Bc8 18. g3 Nf7 19. f4 h4 20. fxg5 Nxg5 21. g4
Be5 22. Rxd8 Rxd8 23. Nd1 Bg3 24. Bd3 Re8 25. Nc3 Rg8 26. Qg2 Be5 27. Ne2 a5
28. Qf2 a4 29. Ba7+ Ka8 30. Bc5 Qe8 31. Qe1 b6 32. Qb4 bxc5 33. Qxa4+ Kb8 34.
Qb3+ Bb7 35. Ba6 Qc8 36. Bxb7 c4 37. Bxc8+ cxb3 38. Bf5 bxa2+ 39. Kxa2 Rd8 40.
Kb3 Rd2 41. Nc1 Rh2 42. Rd1 Rxh3+ 43. Kc4 Bd6 44. Nb3 Rh2 45. Nd4 c5 46. Nc6+
Kb7 47. Kb5 Rxc2 48. Nd8+ Kb8 49. Nc6+ Kb7 50. Nd8+ Kb8 51. Nc6+ 1/2-1/2

[Event "4th ch-Asia"]
[Site "Doha QAT"]
[Date "2003.02.22"]
[Round "1"]
[White "Dao Thien Hai"]
[Black "Sadykov, R."]
[Result "1-0"]
[WhiteElo "2560"]
[BlackElo "2412"]
[PlyCount "183"]
[EventDate "2003.02.22"]
[SourceDate "2003.03.03"]

1. d4 d5 2. c4 c6 3. Nf3 Nf6 4. Nc3 a6 5. a4 e6 6. Bg5 a5 7. Rc1 Be7 8. e3 Na6
9. Bd3 Nb4 10. Bb1 h6 11. Bh4 O-O 12. O-O b6 13. b3 Ba6 14. Qe2 c5 15. Rfd1 Rc8
16. dxc5 bxc5 17. Nb5 Nd7 18. Bg3 Re8 19. Ne1 Bxb5 20. axb5 Qb6 21. e4 Nf8 22.
Nd3 Nxd3 23. Bxd3 Rcd8 24. Qc2 dxc4 25. Bxc4 Ng6 26. f4 Bf6 27. e5 Bh4 28. Ra1
Bxg3 29. hxg3 Ne7 30. Rxd8 Rxd8 31. Qc3 Ra8 32. g4 Nd5 33. Qd2 Qd8 34. g3 Qb6
35. Kh2 Qd8 36. Kh3 Ra7 37. Qf2 Qb6 38. Rc1 Rd7 39. Bf1 Rc7 40. f5 Qb8 41. Qe1
Qa7 42. Bc4 a4 43. Bxd5 exd5 44. bxa4 Qxa4 45. b6 Rb7 46. Rxc5 Rxb6 47. Rxd5
Qa8 48. Rd2 Ra6 49. Qd1 Qe4 50. Qe2 Qh1+ 51. Qh2 Qe4 52. Re2 Qc4 53. Qg2 Ra4
54. Qf3 Ra3 55. Qe4 Qb3 56. Qf4 Qd1 57. Qe4 Ra4 58. Qg2 Qd4 59. Qf3 Qd1 60. e6
fxe6 61. fxe6 Ra7 62. Kh2 Qd6 63. Qe4 Re7 64. Kg2 Qa6 65. Kf3 Qa3+ 66. Re3 Qa1
67. Kg2 Qa2+ 68. Kh3 Qa1 69. Re1 Qa2 70. Qe5 Qa7 71. Rb1 Re8 72. Rf1 Qb7 73. g5
Qe7 74. Re1 hxg5 75. Kg4 Rf8 76. Re4 Rf6 77. Qxg5 Qe8 78. Qe5 Qg6+ 79. Kh3 Rf5
80. Qb8+ Rf8 81. Qe5 Rf5 82. Qd4 Qh5+ 83. Rh4 Qe8 84. Qe4 Rh5 85. g4 Rxh4+ 86.
Kxh4 Qe7+ 87. g5 Kh8 88. Kh5 Qd8 89. e7 Qe8+ 90. g6 Qb5+ 91. Kh4 Qe8 92. Kg5
1-0

[Event "4th ch-Asia"]
[Site "Doha QAT"]
[Date "2003.02.22"]
[Round "1"]
[White "Neelotpal, D."]
[Black "Ganguly, S."]
[Result "0-1"]
[WhiteElo "2406"]
[BlackElo "2556"]
[PlyCount "66"]
[EventDate "2003.02.22"]
[SourceDate "2003.03.03"]

1. e4 e5 2. Nf3 Nc6 3. Bb5 a6 4. Ba4 Nf6 5. O-O b5 6. Bb3 Bc5 7. a4 Rb8 8. c3
d6 9. d3 O-O 10. Nbd2 Kh8 11. Bc2 Bb6 12. Nb3 Bg4 13. h3 Bh5 14. Re1 h6 15. d4
Bxf3 16. gxf3 Nh5 17. axb5 axb5 18. Be3 Qh4 19. Bd3 Qxh3 20. Bxb5 f5 21. exf5
Rxf5 22. Bf1 Qh4 23. Qc2 Rbf8 24. Bg2 Ne7 25. Qe4 Nf4 26. Ra8 Qf6 27. Rea1 d5
28. dxe5 Qe6 29. Qb4 Nxg2 30. Kxg2 Bxe3 31. fxe3 Rxf3 32. Rxf8+ Rxf8 33. Nc5
Qg6+ 0-1

[Event "4th ch-Asia"]
[Site "Doha QAT"]
[Date "2003.02.22"]
[Round "1"]
[White "Wu Shaobin"]
[Black "Annaberdiev, M."]
[Result "1-0"]
[WhiteElo "2545"]
[BlackElo "2405"]
[PlyCount "91"]
[EventDate "2003.02.22"]
[SourceDate "2003.03.03"]

1. d4 Nf6 2. c4 g6 3. Nc3 Bg7 4. e4 d6 5. Be2 O-O 6. Be3 Nbd7 7. Nf3 e5 8. O-O
Re8 9. d5 Nh5 10. g3 a5 11. a3 Nhf6 12. Nd2 Nc5 13. b4 axb4 14. axb4 Rxa1 15.
Qxa1 Na6 16. Rb1 Ng4 17. Bxg4 Bxg4 18. c5 f5 19. f3 f4 20. Bf2 fxg3 21. hxg3
Bc8 22. Be3 Rf8 23. c6 Bf6 24. Nd1 Rf7 25. cxb7 Bxb7 26. Nf2 h5 27. Kg2 Bc8 28.
Qc3 Qe8 29. b5 Nc5 30. Bxc5 dxc5 31. b6 cxb6 32. Rxb6 Kg7 33. Nc4 Qd8 34. Qb2
Ra7 35. Rb8 Ra4 36. Nxe5 Rb4 37. Rxb4 cxb4 38. Nfd3 Qb6 39. Nc4 Qc7 40. Qxb4
Ba6 41. Nc5 Bc8 42. d6 Qa7 43. Qa5 Qf7 44. Qc7 Bd4 45. Qxc8 Qxc4 46. Ne6+ 1-0

[Event "4th ch-Asia"]
[Site "Doha QAT"]
[Date "2003.02.22"]
[Round "1"]
[White "Turpanov, M."]
[Black "Rahman, Zia"]
[Result "0-1"]
[WhiteElo "2351"]
[BlackElo "2542"]
[PlyCount "88"]
[EventDate "2003.02.22"]
[SourceDate "2003.03.03"]

1. e4 g6 2. d4 Bg7 3. Nf3 d6 4. Bd3 Bg4 5. c3 Nc6 6. Nbd2 e5 7. h3 Bd7 8. dxe5
Nxe5 9. Nxe5 Bxe5 10. O-O Bg7 11. Nf3 Ne7 12. Bg5 h6 13. Bh4 g5 14. Bg3 Nc6 15.
Re1 Qe7 16. Bb5 O-O-O 17. Qc2 Be5 18. Bxe5 dxe5 19. Nh2 h5 20. Qe2 Rdg8 21. Qe3
g4 22. hxg4 hxg4 23. Nf1 Kb8 24. Ng3 Qh4 25. Bc4 Ne7 26. Red1 Bc8 27. Kf1 Ng6
28. Ke1 Nf4 29. Bf1 Qf6 30. Ne2 Rh2 31. Nxf4 exf4 32. Qd4 Qe7 33. Rd3 b6 34.
Kd2 Ba6 35. Qd7 Qh4 36. c4 f3 37. Qxf7 Qh6+ 38. Kc2 Rf8 39. Qe7 fxg2 40. Rd8+
Rxd8 41. Qxd8+ Bc8 42. Be2 Qf4 43. c5 Qxf2 44. Kd3 Rh3+ 0-1

[Event "4th ch-Asia"]
[Site "Doha QAT"]
[Date "2003.02.22"]
[Round "1"]
[White "Barua, D."]
[Black "Kadhi, H."]
[Result "1-0"]
[WhiteElo "2541"]
[BlackElo "2334"]
[PlyCount "139"]
[EventDate "2003.02.22"]
[SourceDate "2003.03.03"]

1. e4 e6 2. d4 d5 3. Nd2 c5 4. Ngf3 cxd4 5. exd5 Qxd5 6. Bc4 Qd6 7. Qe2 Nf6 8.
Nb3 Nc6 9. Bg5 a6 10. O-O-O Qc7 11. Nbxd4 Nxd4 12. Nxd4 Be7 13. Rhe1 h6 14.
Bxf6 Bxf6 15. Bxe6 O-O 16. Bxc8 Raxc8 17. g3 Rfe8 18. Qxe8+ Rxe8 19. Rxe8+ Kh7
20. c3 Qd7 21. Re2 Qd5 22. a3 b5 23. f4 a5 24. Nc2 Qf3 25. Rdd2 h5 26. Re3 Qc6
27. h4 Qh1+ 28. Rd1 Qg2 29. Red3 g6 30. Nd4 b4 31. axb4 axb4 32. cxb4 Bxd4 33.
Rxd4 Qxg3 34. b5 Qb3 35. Rd5 Qc4+ 36. Kb1 Qxf4 37. R1d4 Qf1+ 38. Ka2 Kg7 39.
Kb3 Qf3+ 40. Ka4 Qf2 41. b3 Qf1 42. Ka5 Qe1+ 43. b4 Qa1+ 44. Kb6 Qa8 45. Rd8
Qa4 46. Kc5 Qc2+ 47. Kd6 Qc3 48. Kd5 g5 49. hxg5 h4 50. Rxh4 Qd3+ 51. Rd4 Qxb5+
52. Kd6 Qxg5 53. Kc6 Qf6+ 54. R8d6 Qf3+ 55. Kc7 Qa8 56. b5 Qa7+ 57. Kc6 Qa8+
58. Kc5 Qc8+ 59. Kb4 Qc2 60. b6 Qb2+ 61. Kc5 Qc3+ 62. Kb5 Qb3+ 63. Kc6 Qc3+ 64.
Kd7 Qf3 65. Kc7 Qc3+ 66. Kb8 f5 67. b7 Qc5 68. R4d5 Qb4 69. Rc6 Kf7 70. Kc8 1-0

[Event "4th ch-Asia"]
[Site "Doha QAT"]
[Date "2003.02.22"]
[Round "1"]
[White "Nezad, H."]
[Black "Zagrebelny, S."]
[Result "0-1"]
[WhiteElo "2334"]
[BlackElo "2540"]
[PlyCount "40"]
[EventDate "2003.02.22"]
[SourceDate "2003.03.03"]

1. e4 c5 2. Nf3 d6 3. Bb5+ Nd7 4. c3 Ngf6 5. Qe2 a6 6. Ba4 c4 7. Bxd7+ Bxd7 8.
Qxc4 Bb5 9. Qd4 e5 10. Qe3 Ng4 11. Qg5 Qc8 12. d4 Be7 13. Qd2 f5 14. Qc2 fxe4
15. Qxe4 Nf6 16. Qc2 e4 17. Ng5 Bd3 18. Qb3 Qg4 19. Qf7+ Kd7 20. f3 Qxg2 0-1

[Event "4th ch-Asia"]
[Site "Doha QAT"]
[Date "2003.02.22"]
[Round "1"]
[White "Saleh, Nab"]
[Black "Barsov, A."]
[Result "1/2-1/2"]
[WhiteElo "2324"]
[BlackElo "2525"]
[PlyCount "32"]
[EventDate "2003.02.22"]
[SourceDate "2003.03.03"]

1. d4 e6 2. c4 Bb4+ 3. Bd2 a5 4. Nf3 Nc6 5. g3 d6 6. Bg2 e5 7. O-O Nxd4 8. Nxd4
exd4 9. Bxb4 axb4 10. Qxd4 Qf6 11. Qd2 c5 12. Rd1 Ra6 13. a3 Nh6 14. Ra2 O-O
15. b3 Re8 16. h3 Nf5 1/2-1/2

[Event "4th ch-Asia"]
[Site "Doha QAT"]
[Date "2003.02.22"]
[Round "1"]
[White "Sadvakasov, D."]
[Black "Aliev, K."]
[Result "1-0"]
[WhiteElo "2523"]
[BlackElo "2317"]
[PlyCount "67"]
[EventDate "2003.02.22"]
[SourceDate "2003.03.03"]

1. e4 e5 2. Nf3 Nf6 3. Nxe5 d6 4. Nf3 Nxe4 5. d4 d5 6. Bd3 Be7 7. O-O O-O 8. c4
Nc6 9. Nc3 Nxc3 10. bxc3 Be6 11. cxd5 Bxd5 12. Nd2 Be6 13. Re1 Qd7 14. Ne4 Rad8
15. Qh5 g6 16. Qh6 Bf5 17. Ng5 Bxg5 18. Bxg5 f6 19. Bc4+ Kh8 20. Be3 Na5 21.
Be2 b5 22. d5 a6 23. Qf4 Nc4 24. Bd4 Qd6 25. Qxd6 Nxd6 26. g4 Bc8 27. g5 Ne8
28. Bf3 Kg8 29. d6 Rxd6 30. Bc5 Rd3 31. Be4 Rxc3 32. Bd5+ Kg7 33. Re7+ Kh8 34.
Bd4 1-0

[Event "4th ch-Asia"]
[Site "Doha QAT"]
[Date "2003.02.22"]
[Round "1"]
[White "Al Zendani, Z."]
[Black "Torre, E."]
[Result "0-1"]
[WhiteElo "2313"]
[BlackElo "2519"]
[PlyCount "84"]
[EventDate "2003.02.22"]
[SourceDate "2003.03.03"]

1. e4 d6 2. d4 Nf6 3. Nc3 g6 4. f3 c6 5. Be3 b5 6. Qd2 Nbd7 7. a4 b4 8. Nd1 a5
9. c3 bxc3 10. bxc3 e5 11. Bh6 Nxe4 12. fxe4 Qh4+ 13. Qf2 Qxf2+ 14. Nxf2 Bxh6
15. Nf3 Rb8 16. dxe5 Nxe5 17. Nxe5 dxe5 18. Bc4 Rb2 19. O-O Be3 20. Ra2 Rxa2
21. Bxa2 Ke7 22. Re1 Bc5 23. Bc4 Be6 24. Ba6 Ra8 25. Be2 Rb8 26. Kf1 Bxf2 27.
Kxf2 Rb2 28. Ke3 Ra2 29. g4 Rxa4 30. Rb1 Ra3 31. Kd2 Rb3 32. Ra1 Rb2+ 33. Ke3
Ba2 34. g5 a4 35. Bd1 a3 36. Be2 Kd6 37. h4 Kc5 38. h5 gxh5 39. Bxh5 Kb5 40.
Be2+ Ka4 41. Rh1 Be6 42. Bd1+ Bb3 0-1

[Event "4th ch-Asia"]
[Site "Doha QAT"]
[Date "2003.02.22"]
[Round "1"]
[White "Dzhumaev, M."]
[Black "Ahmed, SN."]
[Result "1-0"]
[WhiteElo "2507"]
[BlackElo "2309"]
[PlyCount "75"]
[EventDate "2003.02.22"]
[SourceDate "2003.03.03"]

1. e4 c5 2. Nf3 d6 3. Bc4 e6 4. O-O Nf6 5. d3 Be7 6. Bb3 O-O 7. c3 Nc6 8. Re1
b5 9. Nbd2 Bb7 10. Nf1 Rc8 11. Ng3 Qc7 12. Qe2 a5 13. d4 a4 14. Bd1 Qb6 15.
dxc5 dxc5 16. e5 Nd7 17. Bc2 Rfd8 18. Qe4 Nf8 19. Qg4 Qc7 20. h4 a3 21. bxa3 b4
22. axb4 cxb4 23. h5 Rd5 24. h6 g6 25. Bg5 bxc3 26. Bxe7 Qxe7 27. Rab1 Ba6 28.
Qf4 Bd3 29. Rb7 Nd7 30. Bb3 Rb5 31. Rxd7 Qxd7 32. Qf6 Kf8 33. Ng5 Nxe5 34. Bxe6
Qd8 35. Nxh7+ Ke8 36. Bxc8 Qxc8 37. Ng5 Kd7 38. Nxf7 1-0

[Event "4th ch-Asia"]
[Site "Doha QAT"]
[Date "2003.02.22"]
[Round "1"]
[White "Hilwani, T."]
[Black "Kunte, A."]
[Result "1/2-1/2"]
[WhiteElo "2291"]
[BlackElo "2507"]
[PlyCount "74"]
[EventDate "2003.02.22"]
[SourceDate "2003.03.03"]

1. d4 Nf6 2. c4 e6 3. Nc3 Bb4 4. Qc2 O-O 5. a3 Bxc3+ 6. Qxc3 b6 7. Bg5 Ba6 8.
Qf3 Nc6 9. e3 Na5 10. Rc1 c5 11. Nh3 Rc8 12. d5 exd5 13. Bxf6 Qxf6 14. Qxf6
gxf6 15. cxd5 Bxf1 16. Rxf1 Rfe8 17. Nf4 Re5 18. Ke2 Kf8 19. Rfd1 c4 20. g4 Nb3
21. Rc2 Rc5 22. Nh5 Rexd5 23. Rxd5 Rxd5 24. Nxf6 Rd6 25. Nxh7+ Kg7 26. Ng5 Rg6
27. Nf3 d5 28. h3 b5 29. Nd4 Nxd4+ 30. exd4 Re6+ 31. Kf1 a5 32. Re2 Rxe2 33.
Kxe2 b4 34. axb4 axb4 35. h4 b3 36. Kd2 Kg6 37. Kc3 f5 1/2-1/2

[Event "4th ch-Asia"]
[Site "Doha QAT"]
[Date "2003.02.22"]
[Round "1"]
[White "Paragua, M."]
[Black "Altanoch, G."]
[Result "1-0"]
[WhiteElo "2506"]
[BlackElo "2284"]
[PlyCount "63"]
[EventDate "2003.02.22"]
[SourceDate "2003.03.03"]

1. e4 c6 2. d3 d5 3. Nd2 e6 4. Ngf3 Nf6 5. g3 Be7 6. Bg2 O-O 7. O-O c5 8. e5
Nfd7 9. Re1 Nc6 10. Nf1 Qc7 11. Bf4 b5 12. Ne3 a5 13. h4 Nb6 14. Ng4 Kh8 15.
Ng5 Qd8 16. Nh2 Qe8 17. h5 c4 18. h6 g6 19. Ng4 Ba6 20. Bh3 Bc8 21. Qd2 Qd8 22.
Nf6 Bxf6 23. exf6 Qxf6 24. d4 Kg8 25. c3 Re8 26. Re3 Qd8 27. Rae1 Ra7 28. Qe2
b4 29. Nf3 a4 30. a3 bxa3 31. bxa3 f6 32. Qb2 1-0

[Event "4th ch-Asia"]
[Site "Doha QAT"]
[Date "2003.02.22"]
[Round "1"]
[White "Jasim, A."]
[Black "Ghaem Maghami, E."]
[Result "0-1"]
[WhiteElo "2278"]
[BlackElo "2500"]
[PlyCount "100"]
[EventDate "2003.02.22"]
[SourceDate "2003.03.03"]

1. Nf3 c5 2. c4 Nf6 3. g3 b6 4. Bg2 Bb7 5. O-O e6 6. b3 Be7 7. Bb2 O-O 8. e3 d5
9. Nc3 Nc6 10. Qe2 Qd7 11. d3 Rad8 12. Rfd1 d4 13. exd4 Nxd4 14. Nxd4 cxd4 15.
Nb5 Bxg2 16. Kxg2 Bc5 17. b4 Bxb4 18. Nxd4 Qb7+ 19. Qf3 Qxf3+ 20. Kxf3 Rc8 21.
Rab1 Nd7 22. Ba1 Be7 23. Nb5 a6 24. Nc3 Rc6 25. Na4 Ra8 26. Bd4 b5 27. Nc3 bxc4
28. Rb7 Rd8 29. dxc4 Rxc4 30. Ke2 f6 31. Nb1 Kf8 32. Bc3 Nc5 33. Rxd8+ Bxd8 34.
Bb4 Be7 35. Rb6 Rc2+ 36. Ke3 Rxa2 37. Nc3 Rc2 38. Rc6 Ke8 39. Rc7 Kd8 40. Rxe7
Kxe7 41. Ne4 Kf7 42. Bxc5 e5 43. Kd3 Ra2 44. Nc3 Ra1 45. Kc4 Ke6 46. Kb3 g5 47.
Be3 h5 48. Ne4 a5 49. h3 Rh1 50. Bb6 Rb1+ 0-1

[Event "4th ch-Asia"]
[Site "Doha QAT"]
[Date "2003.02.22"]
[Round "1"]
[White "Kostenko, P."]
[Black "Mohammadi, H."]
[Result "1-0"]
[WhiteElo "2497"]
[BlackElo "2250"]
[PlyCount "95"]
[EventDate "2003.02.22"]
[SourceDate "2003.03.03"]

1. e4 c5 2. Nf3 d6 3. d4 cxd4 4. Nxd4 Nf6 5. Nc3 a6 6. Be2 e5 7. Nb3 Be7 8. Be3
Be6 9. O-O O-O 10. Qd2 Nbd7 11. a4 Qc7 12. a5 Qc6 13. Bf3 Rfc8 14. Rfc1 b5 15.
axb6 Nxb6 16. Na5 Qc7 17. Nd5 Bxd5 18. exd5 e4 19. Bxb6 Qxb6 20. Be2 e3 21.
Qxe3 Nxd5 22. Qxb6 Nxb6 23. c3 d5 24. Kf1 Bf6 25. Rd1 Kf8 26. Ra3 Rcb8 27. g3
Nc8 28. Ra2 Ne7 29. Bf3 Rd8 30. Nb7 Rdb8 31. Nc5 Rd8 32. Rxa6 Rab8 33. Nd3 Rb3
34. Rda1 Rbb8 35. R1a5 h6 36. Ke1 Rbc8 37. Bg4 Rb8 38. Kd1 Ng6 39. f4 Ne7 40.
Kc2 Kg8 41. h4 h5 42. Bh3 Kf8 43. Nc5 Kg8 44. Nd7 Rb7 45. Ra8 Rxa8 46. Rxa8+
Kh7 47. Rd8 Kg6 48. Rh8 1-0

[Event "4th ch-Asia"]
[Site "Doha QAT"]
[Date "2003.02.22"]
[Round "1"]
[White "Janahi, Z."]
[Black "Villamayor, B."]
[Result "0-1"]
[WhiteElo "2245"]
[BlackElo "2489"]
[PlyCount "20"]
[EventDate "2003.02.22"]
[SourceDate "2003.03.03"]

1. d4 Nf6 2. Nf3 e6 3. Bf4 c5 4. c4 cxd4 5. Nxd4 e5 6. Bxe5 Qa5+ 7. Nc3 Qxe5 8.
g3 Bb4 9. Bg2 Nc6 10. Ndb5 O-O 0-1

[Event "4th ch-Asia"]
[Site "Doha QAT"]
[Date "2003.02.22"]
[Round "1"]
[White "Abu Sufian, S."]
[Black "Kayumov, S."]
[Result "1/2-1/2"]
[WhiteElo "2226"]
[BlackElo "2479"]
[PlyCount "75"]
[EventDate "2003.02.22"]
[SourceDate "2003.03.03"]

1. e4 e5 2. Nf3 Nc6 3. Bb5 a6 4. Ba4 Nf6 5. O-O Be7 6. Re1 b5 7. Bb3 d6 8. c3
O-O 9. h3 Na5 10. Bc2 c5 11. d4 cxd4 12. cxd4 exd4 13. Nxd4 Re8 14. Bg5 h6 15.
Bh4 Nd5 16. Bxe7 Nxe7 17. Nc3 Nc4 18. b3 Ne5 19. Re3 Bb7 20. Qd2 Rc8 21. Rg3
Kf8 22. Nce2 Qb6 23. Kh2 N7c6 24. Rd1 Nxd4 25. Nxd4 Ng6 26. f4 Bxe4 27. Bxe4
Rxe4 28. f5 Nh4 29. Qf2 d5 30. Rg4 Qf6 31. Kg1 Rxg4 32. hxg4 Qg5 33. Nf3 Nxf3+
34. Qxf3 Rc1 35. Qxd5 Qe3+ 36. Kh2 Rxd1 37. Qxd1 Ke7 38. Qd5 1/2-1/2

[Event "4th ch-Asia"]
[Site "Doha QAT"]
[Date "2003.02.22"]
[Round "1"]
[White "Kakageldyev, A."]
[Black "Al Tamimi, H."]
[Result "1-0"]
[WhiteElo "2469"]
[BlackElo "2182"]
[PlyCount "95"]
[EventDate "2003.02.22"]
[SourceDate "2003.03.03"]

1. d4 d5 2. c4 e6 3. Nf3 Nf6 4. Nc3 Be7 5. Bg5 O-O 6. e3 Nbd7 7. Qc2 c5 8. Rd1
Qa5 9. cxd5 Nxd5 10. Bxe7 Nxe7 11. Bd3 Nf6 12. O-O cxd4 13. Nxd4 h6 14. Ne4
Ned5 15. Nb3 Qd8 16. Nxf6+ Qxf6 17. Bh7+ Kh8 18. Be4 Rd8 19. Rd4 b6 20. Bxd5
exd5 21. Rfd1 Be6 22. Qd2 Rdc8 23. Nc1 Qg6 24. Nd3 Rc7 25. Nf4 Qf6 26. Nxd5
Bxd5 27. Rxd5 Rac8 28. Rd8+ Rxd8 29. Qxd8+ Qxd8 30. Rxd8+ Kh7 31. g4 g5 32. Rd2
Kg6 33. Kg2 f6 34. f4 gxf4 35. exf4 h5 36. h3 hxg4 37. hxg4 Rc1 38. Rd6 Rc2+
39. Kf3 Rxb2 40. g5 Rxa2 41. Rxf6+ Kg7 42. Rc6 Ra5 43. Rc7+ Kg8 44. Kg4 a6 45.
f5 Rc5 46. Ra7 a5 47. g6 Rc1 48. Kg5 1-0

[Event "4th ch-Asia"]
[Site "Doha QAT"]
[Date "2003.02.22"]
[Round "1"]
[White "Kayle, C."]
[Black "Thipsay, P."]
[Result "1/2-1/2"]
[WhiteElo "2063"]
[BlackElo "2465"]
[PlyCount "40"]
[EventDate "2003.02.22"]
[SourceDate "2003.03.03"]

1. d4 Nf6 2. c4 d6 3. Nc3 Nbd7 4. Nf3 g6 5. Bg5 h6 6. Bh4 Bg7 7. e3 O-O 8. Be2
Re8 9. O-O c6 10. Qc2 Nf8 11. h3 Bf5 12. Qb3 g5 13. Bg3 Qd7 14. Rfe1 Bg6 15.
Rad1 Rad8 16. Bf1 Bh5 17. Be2 Ng6 18. Qc2 g4 19. hxg4 Bxg4 20. Nh4 Nxh4 1/2-1/2

[Event "4th ch-Asia"]
[Site "Doha QAT"]
[Date "2003.02.22"]
[Round "1"]
[White "Ayyad, M."]
[Black "Hossain, Enam"]
[Result "0-1"]
[WhiteElo "2200"]
[BlackElo "2451"]
[PlyCount "112"]
[EventDate "2003.02.22"]
[SourceDate "2003.03.03"]

1. d4 Nf6 2. Nf3 d5 3. c4 c6 4. e3 a6 5. Nc3 b5 6. b3 Bg4 7. Be2 e6 8. O-O Bd6
9. Ne5 Bxe2 10. Qxe2 Bxe5 11. dxe5 Nfd7 12. f4 O-O 13. Rd1 bxc4 14. bxc4 Nb6
15. cxd5 cxd5 16. e4 Qc7 17. Bb2 Nc4 18. Kh1 Nxb2 19. Qxb2 dxe4 20. Nxe4 Nd7
21. Rac1 Qa7 22. Nd6 Rab8 23. Qc2 Rfd8 24. Qc7 Qxc7 25. Rxc7 Nb6 26. Ra7 Nd5
27. g3 f6 28. f5 fxe5 29. Nf7 Re8 30. fxe6 Ne3 31. Re1 Ng4 32. h3 Nf2+ 33. Kg1
Rxe6 34. Kxf2 Rf6+ 35. Kg1 Rxf7 36. Rxf7 Kxf7 37. Rxe5 Rb1+ 38. Kf2 Rb2+ 39.
Re2 Rxe2+ 40. Kxe2 Ke6 41. Ke3 Ke5 42. a3 Kd5 43. Kf4 a5 44. Kf5 Kc4 45. g4 Kb3
46. g5 Kxa3 47. g6 hxg6+ 48. Kxg6 Kb4 49. Kxg7 a4 50. h4 a3 51. h5 a2 52. h6
a1=Q+ 53. Kg8 Qg1+ 54. Kh8 Qd4+ 55. Kg8 Qd5+ 56. Kf8 Qf5+ 0-1

[Event "4th ch-Asia"]
[Site "Doha QAT"]
[Date "2003.02.23"]
[Round "2"]
[White "Dzhumaev, M."]
[Black "Al Modiahki, M."]
[Result "1/2-1/2"]
[WhiteElo "2507"]
[BlackElo "2571"]
[PlyCount "130"]
[EventDate "2003.02.22"]
[SourceDate "2003.03.03"]

1. e4 c5 2. Nf3 e6 3. d3 Nc6 4. g3 d5 5. Nbd2 g6 6. Bg2 Bg7 7. O-O Nge7 8. Re1
O-O 9. c3 Qc7 10. Qe2 b6 11. h4 dxe4 12. dxe4 a5 13. a4 Ba6 14. Nc4 b5 15. axb5
Bxb5 16. Bf1 Nc8 17. Qe3 Qe7 18. Nfd2 Rd8 19. e5 a4 20. f4 Rb8 21. Ne4 Bxc4 22.
Bxc4 Nb6 23. Bb5 Na5 24. Qxc5 Qxc5+ 25. Nxc5 Rd5 26. Be3 Bf8 27. Na6 Rc8 28.
Bxa4 Nxa4 29. Rxa4 Nc4 30. Bd4 Nxb2 31. Ra2 Nd3 32. Rb1 Ra8 33. Rb8 Rxb8 34.
Nxb8 Rb5 35. Nd7 Rb1+ 36. Kg2 Rb7 37. Nf6+ Kg7 38. Kf3 Rb8 39. Nd7 Rb7 40. Nxf8
Kxf8 41. Ke3 Nc1 42. Bc5+ Ke8 43. Ra8+ Kd7 44. Bb4 Kc6 45. Ra3 Rd7 46. Bd6 Rb7
47. Bb4 Rd7 48. c4 Rb7 49. Ra6+ Rb6 50. Rxb6+ Kxb6 51. Be7 h5 52. Ba3 Nb3 53.
Bb4 Kc6 54. Kd3 Nc1+ 55. Kd2 Nb3+ 56. Ke3 Kb6 57. Ke4 Kc6 58. Ke3 Kb6 59. Kd3
Nc1+ 60. Kd2 Nb3+ 61. Ke3 Kc6 62. Kd3 Nc1+ 63. Ke3 Nb3 64. Kd3 Nc1+ 65. Kd2
Nb3+ 1/2-1/2

[Event "4th ch-Asia"]
[Site "Doha QAT"]
[Date "2003.02.23"]
[Round "2"]
[White "Adianto, U."]
[Black "Paragua, M."]
[Result "1/2-1/2"]
[WhiteElo "2562"]
[BlackElo "2506"]
[PlyCount "68"]
[EventDate "2003.02.22"]
[SourceDate "2003.03.03"]

1. c4 g6 2. Nc3 Bg7 3. g3 Nf6 4. Bg2 O-O 5. Nf3 d6 6. O-O Nc6 7. d3 e5 8. Bg5
h6 9. Bxf6 Bxf6 10. Rb1 a5 11. a3 Bg7 12. b4 axb4 13. axb4 Be6 14. Nd2 e4 15.
b5 Ne7 16. Qc2 exd3 17. exd3 c6 18. Rfe1 Qd7 19. bxc6 bxc6 20. Ne2 d5 21. Nf4
Bf5 22. Nf3 dxc4 23. Qxc4 Nd5 24. Ne5 Bxe5 25. Rxe5 Nxf4 26. Qxf4 Qxd3 27. Rbe1
Qc3 28. R5e3 Qg7 29. Bxc6 Ra1 30. Bd5 Rxe1+ 31. Rxe1 Rd8 32. Qc4 Qf6 33. h4 Kg7
34. Kg2 Bh3+ 1/2-1/2

[Event "4th ch-Asia"]
[Site "Doha QAT"]
[Date "2003.02.23"]
[Round "2"]
[White "Ganguly, S."]
[Black "Kostenko, P."]
[Result "1-0"]
[WhiteElo "2556"]
[BlackElo "2497"]
[PlyCount "113"]
[EventDate "2003.02.22"]
[SourceDate "2003.03.03"]

1. e4 c5 2. Nf3 e6 3. d4 cxd4 4. Nxd4 a6 5. Bd3 Nf6 6. O-O d6 7. Qe2 Nbd7 8. c4
b6 9. f4 Bb7 10. Nd2 g6 11. b3 e5 12. Nc2 exf4 13. Nf3 Bh6 14. Nfd4 O-O 15.
Bxf4 Bxf4 16. Rxf4 Nh5 17. Rf2 Nc5 18. Nb4 Qg5 19. Raf1 Rae8 20. Nd5 b5 21. Nf3
Qd8 22. Qd2 bxc4 23. bxc4 Rxe4 24. Qh6 Rg4 25. Ne3 Bxf3 26. Rxf3 Rg5 27. Nd5
Nd7 28. Nf6+ Nhxf6 29. Qxg5 Qb6+ 30. Kh1 Qd4 31. Qf4 Qc5 32. Qh4 Nh5 33. Be2
Ng7 34. Rh3 h5 35. Bf3 Ne5 36. Bd5 Ng4 37. Rhf3 Ne5 38. Rf6 Ne8 39. Bxf7+ Rxf7
40. Rxf7 Nxf7 41. Qe7 Qxc4 42. Qxe8+ Kg7 43. Qe1 Qxa2 44. Qe7 Qd5 45. Qf6+ Kf8
46. Qxg6 a5 47. h3 a4 48. Rf5 Qb3 49. Qxd6+ Kg7 50. Qd4+ Kg8 51. Rf3 Qb1+ 52.
Kh2 Qb8+ 53. Qf4 Qxf4+ 54. Rxf4 Kg7 55. Rxa4 Kg6 56. Kg3 Nh6 57. Ra6+ 1-0

[Event "4th ch-Asia"]
[Site "Doha QAT"]
[Date "2003.02.23"]
[Round "2"]
[White "Villamayor, B."]
[Black "Wu Shaobin"]
[Result "1-0"]
[WhiteElo "2489"]
[BlackElo "2545"]
[PlyCount "67"]
[EventDate "2003.02.22"]
[SourceDate "2003.03.03"]

1. d4 Nf6 2. c4 e6 3. Nf3 b6 4. e3 Bb7 5. Bd3 c5 6. Nc3 Be7 7. O-O cxd4 8. exd4
d6 9. d5 e5 10. Nh4 g6 11. Bh6 Bf8 12. Bxf8 Kxf8 13. Qd2 Kg7 14. g3 Nbd7 15.
Rae1 a6 16. f4 b5 17. fxe5 Nxe5 18. c5 Bc8 19. Ne4 Nxe4 20. Bxe4 dxc5 21. Qc3
f6 22. Qxc5 Bh3 23. Ng2 Rc8 24. Qa7+ Qd7 25. Qxa6 f5 26. Bxf5 Bxf5 27. Rxe5
Rhe8 28. Rxe8 Rxe8 29. Nf4 Qe7 30. Qb6 Qe4 31. Qf2 Re5 32. Ne6+ Kf6 33. Qb6 Ke7
34. Qd8+ 1-0

[Event "4th ch-Asia"]
[Site "Doha QAT"]
[Date "2003.02.23"]
[Round "2"]
[White "Rahman, Zia"]
[Black "Iuldachev, S."]
[Result "1-0"]
[WhiteElo "2542"]
[BlackElo "2487"]
[PlyCount "91"]
[EventDate "2003.02.22"]
[SourceDate "2003.03.03"]

1. Nf3 d5 2. d4 c5 3. c4 e6 4. cxd5 exd5 5. g3 Nf6 6. Bg2 Be7 7. O-O O-O 8. Nc3
Nc6 9. Bg5 cxd4 10. Nxd4 h6 11. Be3 Re8 12. Rc1 Bg4 13. h3 Be6 14. Nxe6 fxe6
15. f4 Kh8 16. Bf2 Bb4 17. Qb3 Qe7 18. a3 Bc5 19. Bxc5 Qxc5+ 20. Kh2 Qe3 21.
Rcd1 Na5 22. Qb4 Nc4 23. Rd3 Qb6 24. Qxb6 axb6 25. Rb1 Nd6 26. Rd4 Rac8 27. Rb4
Rc6 28. g4 g5 29. e3 Kg7 30. Re1 Rf8 31. Re2 Rd8 32. Kg3 Rdc8 33. Bf3 Nc4 34.
Nb5 Re8 35. Nd4 Rd6 36. b3 Nxa3 37. Ra4 gxf4+ 38. exf4 Nb1 39. Rc2 Ne4+ 40.
Bxe4 dxe4 41. Kf2 b5 42. Nxb5 Rd3 43. Rxe4 Rxh3 44. Rc7+ Kf6 45. Nd6 Rg8 46.
Rf7+ 1-0

[Event "4th ch-Asia"]
[Site "Doha QAT"]
[Date "2003.02.23"]
[Round "2"]
[White "Hossain, Enam"]
[Black "Barua, D."]
[Result "1/2-1/2"]
[WhiteElo "2451"]
[BlackElo "2541"]
[PlyCount "83"]
[EventDate "2003.02.22"]
[SourceDate "2003.03.03"]

1. e4 e6 2. d4 d5 3. Nd2 Nf6 4. e5 Nfd7 5. c3 c5 6. Bd3 Nc6 7. Ngf3 Qb6 8. O-O
a5 9. Re1 cxd4 10. cxd4 a4 11. a3 Be7 12. Nb1 Nxd4 13. Nxd4 Qxd4 14. Nc3 Bc5
15. Be3 Qh4 16. Bb5 O-O 17. Nxa4 Bxe3 18. Rxe3 f6 19. g3 Qh6 20. Bxd7 Bxd7 21.
Nb6 Rad8 22. Qd4 Bc6 23. f4 g5 24. fxg5 fxg5 25. Ree1 Qh3 26. Rf1 Bb5 27. Rf6
Rxf6 28. exf6 Qf5 29. a4 Be2 30. Re1 Bh5 31. Nc4 Rf8 32. Rf1 Bf3 33. Ne5 g4 34.
f7+ Rxf7 35. Nxf7 Kxf7 36. Rc1 Kg6 37. a5 e5 38. Qb6+ Kh5 39. Qxb7 d4 40. Qe7
Qe4 41. Qf7+ Kg5 42. Qg7+ 1/2-1/2